| 000 | 01178cam a2200313 a 4500 | ||
|---|---|---|---|
| 001 | 16544469 | ||
| 003 | SISC | ||
| 005 | 20160601085101.0 | ||
| 008 | 101119s2011 nyu c 000 1 eng | ||
| 010 | _a 2010043836 | ||
| 020 | _a9781442407695 (pbk.) | ||
| 040 |
_aDLC _cDLC _dDLC |
||
| 042 |
_alcac _apcc |
||
| 050 | 0 | 0 |
_aPZ 7 .M478757 _bUnw 2011 |
| 082 | 0 | 0 | _a[Fic] |
| 100 | 1 | _aMcMann, Lisa. | |
| 245 | 1 | 4 |
_aThe Unwanteds / _cLisa McMann. |
| 260 |
_aNew York : _bAladdin, _c2011. |
||
| 300 |
_a390 p. ; _c22 cm. |
||
| 520 | _aIn a society that purges thirteen-year-olds who are creative, identical twins Aaron and Alex are separated, one to attend University while the other, supposedly Eliminated, finds himself in a wondrous place where youths hone their abilities and learn magic. | ||
| 650 | 1 | _aFantasy. | |
| 650 | 1 |
_aCreative ability _vFiction. |
|
| 650 | 1 |
_aMagic _vFiction. |
|
| 650 | 1 |
_aBrothers _vFiction. |
|
| 650 | 1 |
_aTwins _vFiction. |
|
| 906 |
_a7 _bcbc _corignew _d1 _eecip _f20 _gy-gencatlg |
||
| 942 |
_2lcc _cBK |
||
| 999 |
_c294956 _d294956 |
||